[Event "Paris Apsap op 73rd"]
[Site "Paris"]
[Date "2004.08.04"]
[Round "5"]
[White "Louvrier Saint Mary, Jean Roger"]
[Black "Carroll, John"]
[Result "1-0"]
[WhiteElo "2046"]
[BlackElo "1720"]
[PlyCount "65"]
[EventDate "2004.08.??"]
[EventType "swiss"]
[EventRounds "9"]
[EventCountry "FRA"]
[SourceTitle "EXT 2006"]
[Source "ChessBase"]
[SourceDate "2005.11.24"]
[SourceVersion "1"]
[SourceVersionDate "2005.11.24"]
[SourceQuality "1"]

1. b3 d5 2. Bb2 c5 3. e3 Nf6 4. h3 Nc6 5. Bb5 Bd7 6. f4 a6 7. Bxc6 Bxc6 8. d3 e6 9. Nd2 Bd6 10. Ngf3 b5 11. Ne5 Bb7 12. 0-0 Qe7 13. a4 b4 14. Qe2 Nd7 15. Nxd7 Kxd7 16. e4 f6 17. exd5 exd5 18. Qg4+ Kc6 19. Rae1 Qd7 20. Qf3 Kb6 21. d4 a5 22. c4 bxc3 23. Bxc3 Rhe8 24. Qf2 Ba6 25. Rxe8 Rxe8 26. Rc1 Bc7 27. dxc5+ Kc6 28. Nf3 Qf7 29. Nd4+ Kd7 30. Nb5 Kd8 31. Nd6 Bxd6 32. cxd6 Qe6 33. Qb6+ 1-0

[Event "Clichy intern op 0304"]
[Site "Clichy"]
[Date "2004.01.23"]
[Round "5"]
[White "Haendler, Ludovic"]
[Black "Carroll, John"]
[Result "0-1"]
[WhiteElo "1680"]
[BlackElo "1760"]
[PlyCount "110"]
[EventDate "2003.10.16"]
[EventType "swiss"]
[EventRounds "6"]
[EventCountry "FRA"]
[SourceTitle "EXT 2008"]
[Source "ChessBase"]
[SourceDate "2007.11.25"]
[SourceVersion "1"]
[SourceVersionDate "2007.11.25"]
[SourceQuality "1"]

1. Nf3 d5 2. d4 Nf6 3. g3 c6 4. Bg2 Bg4 5. Ne5 Bf5 6. Nd2 e6 7. 0-0 Be7 8. c3 0-0 9. f3 Nbd7 10. e4 Bg6 11. Nxg6 hxg6 12. e5 Ne8 13. f4 c5 14. Nb3 c4 15. Nd2 b5 16. Nf3 Nc7 17. a3 a5 18. Bd2 Na6 19. Bh3 Qb6 20. Qe1 Rfb8 21. Qf2 Qd8 22. Ng5 Rb6 23. Qf3 Rab8 24. Rf2 R8b7 25. Qg4 Nf8 26. Raf1 f5 27. exf6 Bxf6 28. Nf3 b4 29. axb4 axb4 30. Re1 bxc3 31. Bxc3 Nb4 32. Bxb4 Rxb4 33. Rxe6 Nxe6 34. Qxe6+ Kh7 35. Ne5 Bxe5 36. f5 Bxd4 37. fxg6+ Kh8 38. Qg4 Bxf2+ 39. Kg2 Rxb2 40. Qh5+ Kg8 41. Qh7+ Kf8 42. Qh8+ Ke7 43. Qxg7+ Kd6 44. Qxb7 Rxb7 45. Kxf2 Qe7 46. Bf5 Rb2+ 47. Kf3 Rxh2 48. Kg4 c3 49. Bd3 c2 50. Bxc2 Rxc2 51. Kh5 Qg7 52. Kg5 Rf2 53. Kh5 Ke5 54. Kg5 d4 55. g4 Qf6+ 0-1